Arsenal F.C. 25/26 Squad Numbers - Statistics

General Stats
  • This quiz has been taken 77 times
  • The average score is 19 of 24
Answer Stats
Player Squad Number % Correct
Bukayo Saka 7
97%
David Raya 1
94%
Gabriel Magalhães 6
94%
Martin Ødegaard 8
94%
Gabriel Jesus 9
94%
William Saliba 2
93%
Ben White 4
91%
Eberechi Eze 10
90%
Gabriel Martinelli 11
90%
Viktor Gyökeres 14
90%
Declan Rice 41
90%
Jurrien Timber 12
82%
Cristhian Mosquera 3
82%
Piero Hincapié 5
82%
Kai Havertz 29
81%
Riccardo Calafiori 33
79%
Martin Zubimendi 36
78%
Noni Madueke 20
75%
Miles Lewis-Skelly 49
75%
Leandro Trossard 19
73%
Mikel Merino 23
69%
Kepa Arrizabalaga 13
66%
Christian Nørgaard 16
63%
Tommy Setford 35
31%
No matching quizzes found
Score Distribution
Percent of People with Each Score
Percentile by Number Answered
Your Score History
You have not taken this quiz